[Event "II - WIDCC Open Tournament"]
[Site "Malente GER"]
[Date "2004.07.28"]
[Round "4.9"]
[White "Burnett R. (SCO)"]
[Black "Pietrucha R. (POL)"]
[Result "0-1"]
[WhiteElo "1805"]
[BlackElo "2103"]
[PlyCount "106"]
[EventDate "2004.??.??"]
[EventType "swiss"]
[EventRounds "9"]
[EventCountry "GER"]

1. e4 c5 2. Nf3 Nc6 3. d4 cxd4 4. Nxd4 Nf6 5. Nc3 d6 6. Bg5 Qb6 7. Nb3 Ng4 8.
Qd2 h6 9. Nd5 Qd8 10. Bh4 g5 11. Bg3 Bg7 12. h3 Nge5 13. f4 gxf4 14. Bxf4 Ng6
15. O-O-O Be6 16. Be2 Bxd5 17. exd5 Nxf4 18. Qxf4 Ne5 19. Bb5+ Kf8 20. Nd4 Bf6
21. Kb1 Qb6 22. Be2 a5 23. Rhf1 a4 24. a3 Rc8 25. Nf5 Nc4 26. b4 axb3 27. Bxc4
bxc2+ 28. Kxc2 Qb2+ 29. Kd3 Qc3+ 30. Ke2 Rxc4 31. Qf3 Qc2+ 32. Rd2 Re4+ 33. Ne3
Qc4+ 34. Kf2 Qa4 35. Kg1 Rg8 36. Rc2 Kg7 37. Nf5+ Kh7 38. Rcf2 Re5 39. Nxd6 Qd4
40. Nxf7 Rxd5 41. Kh1 Qd3 42. Qf4 Qg6 43. Nxh6 Rd4 44. Qc7 Kxh6 45. Qxb7 Qg3
46. Qb6 Qd6 47. Qb3 Rg3 48. Qf7 Rg6 49. Rf5 Rd1 50. Qf8+ Bg7 51. Qf7 Qg3 52.
Rh5+ Kxh5 53. Qf5+ Kh6 0-1

[Event "II - WIDCC Open Tournament"]
[Site "Malente GER"]
[Date "2004.07.28"]
[Round "4.9"]
[White "Durdyev Y. (TKM)"]
[Black "Capitanio G. (ITA)"]
[Result "1-0"]
[WhiteElo "1805"]
[BlackElo "1805"]
[PlyCount "96"]
[EventDate "2004.??.??"]
[EventType "swiss"]
[EventRounds "9"]
[EventCountry "GER"]

1. e4 b6 2. Nc3 Bb7 3. b3 c5 4. Bb2 Nc6 5. Nf3 e6 6. h3 Qb8 7. Bd3 Ne5 8. Nxe5
Qxe5 9. Qf3 Ne7 10. O-O-O Nc6 11. Qg3 Qxg3 12. fxg3 Bd6 13. g4 Nb4 14. Nb5
Nxd3+ 15. cxd3 Bf4 16. Bxg7 Rg8 17. Bc3 Ba6 18. a4 Bb7 19. Rhf1 Bb8 20. Rf6 Rg6
21. Rdf1 Rxf6 22. Rxf6 a6 23. Na3 d5 24. exd5 Bxd5 25. Kc2 Bxg2 26. Rh6 Bd5 27.
Rxh7 Bd6 28. Nb1 Ke7 29. g5 Rg8 30. Bf6+ Ke8 31. Rh8 Rxh8 32. Bxh8 Bf4 33. h4
Bf3 34. Nc3 Bh5 35. Ne4 Bg6 36. Bg7 Bxe4 37. dxe4 Bd6 38. h5 f5 39. gxf6 Kf7
40. h6 Kg8 41. f7+ Kh7 42. f8=Q Bxf8 43. Bxf8 Kg8 44. Bg7 Kf7 45. e5 b5 46. Kc3
Kg6 47. d4 cxd4+ 48. Kxd4 Kf5 1-0

[Event "II - WIDCC Open Tournament"]
[Site "Malente GER"]
[Date "2004.07.28"]
[Round "4.9"]
[White "Chilton E. (NED)"]
[Black "Kreuzer C. (ENG)"]
[Result "0-1"]
[WhiteElo "1805"]
[BlackElo "1805"]
[PlyCount "82"]
[EventDate "2004.??.??"]
[EventType "swiss"]
[EventRounds "9"]
[EventCountry "GER"]

1. e4 c5 2. Nf3 d6 3. d4 cxd4 4. Nxd4 Nf6 5. Nc3 a6 6. h3 e6 7. a3 b5 8. b4 Bb7
9. Bd3 Qc7 10. Bd2 Nc6 11. Nxc6 Qxc6 12. O-O Be7 13. Rb1 O-O 14. Re1 Nd7 15.
Be2 Ne5 16. Bf3 Rac8 17. Na2 Qxc2 18. Nc3 Qxd1 19. Bxd1 Nc4 20. Bc1 Nxa3 21.
Rb3 Nb1 22. Re3 Nxc3 23. Rbxc3 Rxc3 24. Rxc3 Bxe4 25. Rc7 Bf6 26. Ra7 Ra8 27.
Rd7 Bc3 28. Ba3 d5 29. Rc7 d4 30. f3 Bd5 31. Kf2 Kf8 32. Bc2 g6 33. h4 Rb8 34.
Ra7 d3 35. Rxa6 dxc2 36. Ra7 Ra8 37. Ra5 Rxa5 38. bxa5+ b4 39. Bc1 b3 40. Ba3+
Ke8 41. a6 b2 0-1

[Event "II - WIDCC Open Tournament"]
[Site "Malente GER"]
[Date "2004.07.28"]
[Round "4.9"]
[White "Hreinsson A. (ICE)"]
[Black "Nendza J. (GER)"]
[Result "1-0"]
[WhiteElo "1805"]
[BlackElo "1805"]
[PlyCount "38"]
[EventDate "2004.??.??"]
[EventType "swiss"]
[EventRounds "9"]
[EventCountry "GER"]

1. e4 e6 2. d4 a6 3. c4 c6 4. Nc3 Bb4 5. Bd3 Bxc3+ 6. bxc3 Ne7 7. f4 O-O 8. Nf3
d6 9. O-O Nd7 10. e5 dxe5 11. fxe5 Nb6 12. Bxh7+ Kxh7 13. Ng5+ Kg6 14. Qg4 Nf5
15. Nxe6+ Kh7 16. Nxd8 Rxd8 17. Rxf5 Bxf5 18. Qxf5+ Kg8 19. Bg5 Rd7 1-0

[Event "II - WIDCC Open Tournament"]
[Site "Malente GER"]
[Date "2004.07.28"]
[Round "4.9"]
[White "Karmars A. (LAT)"]
[Black "Picone C. (ITA)"]
[Result "0-1"]
[WhiteElo "1805"]
[BlackElo "1805"]
[PlyCount "74"]
[EventDate "2004.??.??"]
[EventType "swiss"]
[EventRounds "9"]
[EventCountry "GER"]

1. d4 Nf6 2. c4 g6 3. Nc3 d5 4. Nf3 Bg7 5. Bg5 c6 6. e3 O-O 7. Be2 Nbd7 8. O-O
Qc7 9. h3 Re8 10. Qc2 Nf8 11. Bf4 Qa5 12. Ne5 Bf5 13. Bd3 Bxd3 14. Qxd3 Ne6 15.
Bg3 Ng5 16. f3 Rad8 17. c5 Nd7 18. Nxd7 Rxd7 19. h4 Ne6 20. a3 Qd8 21. Rae1 Nf8
22. Nd1 e5 23. Nf2 Rde7 24. Ng4 exd4 25. exd4 Rxe1 26. Rxe1 Rxe1+ 27. Bxe1 Qc7
28. Bc3 h5 29. Ne5 Bxe5 30. dxe5 Qe7 31. Qe3 Qxh4 32. Qh6 Ne6 33. Qc1 Qc4 34.
Qd2 Qxc5+ 35. Kh2 d4 36. Bb4 Qxe5+ 37. Kh1 c5 0-1

[Event "II - WIDCC Open Tournament"]
[Site "Malente GER"]
[Date "2004.07.28"]
[Round "4.9"]
[White "Westerveld G. (NED)"]
[Black "Kaminski L. (POL)"]
[Result "0-1"]
[WhiteElo "1805"]
[BlackElo "1907"]
[PlyCount "70"]
[EventDate "2004.??.??"]
[EventType "swiss"]
[EventRounds "9"]
[EventCountry "GER"]

1. e4 d6 2. d4 Nf6 3. Nc3 g6 4. Nf3 Bg7 5. Be3 c6 6. Be2 O-O 7. O-O Qc7 8. Qd2
Re8 9. Rab1 e5 10. Bd3 Bg4 11. Ng5 exd4 12. Bxd4 c5 13. Bxf6 Bxf6 14. Nd5 Qd8
15. h4 h6 16. Nxf7 Kxf7 17. Qf4 Be6 18. Nxf6 Qxf6 19. Qxf6+ Kxf6 20. b3 Nc6 21.
Bb5 Red8 22. Bxc6 bxc6 23. Rfe1 Ke5 24. Rbd1 Rf8 25. c4 g5 26. hxg5 hxg5 27.
Rd3 g4 28. Ree3 Rg8 29. f3 gxf3 30. Rxf3 Raf8 31. Kf2 Rxf3+ 32. gxf3 Rf8 33.
Kg3 Rd8 34. Kf2 Kf4 35. Ke2 Rd7 0-1

[Event "II - WIDCC Open Tournament"]
[Site "Malente GER"]
[Date "2004.07.28"]
[Round "4.9"]
[White "Christie J. (SCO)"]
[Black "Golemovic T. (CRO)"]
[Result "0-1"]
[WhiteElo "1805"]
[BlackElo "1805"]
[PlyCount "100"]
[EventDate "2004.??.??"]
[EventType "swiss"]
[EventRounds "9"]
[EventCountry "GER"]

1. e4 c6 2. d4 d5 3. e5 Bf5 4. Bd3 Bxd3 5. Qxd3 e6 6. Nf3 c5 7. dxc5 Qa5+ 8.
Bd2 Qxc5 9. Nc3 Nc6 10. a3 g6 11. Nb5 Qb6 12. Rb1 a6 13. Nd6+ Bxd6 14. exd6 Rd8
15. O-O Rxd6 16. Bf4 Rd7 17. Ne5 Nxe5 18. Bxe5 f6 19. Bd4 Qd6 20. b4 Kf7 21.
Bc5 Qc6 22. Qh3 Ne7 23. Rfe1 Nf5 24. Rb3 e5 25. Rc3 Qe6 26. Rb3 Nd6 27. Qf3 Ne4
28. Be3 Re8 29. Rc1 Rc7 30. Rb2 Nd6 31. Bb6 Rc6 32. Bc5 Nc4 33. Ra2 d4 34. Raa1
b6 35. Bxb6 Nxb6 36. h3 e4 37. Qf4 g5 38. Qd2 Qe5 39. Qd1 Kg6 40. a4 Nd5 41. b5
Nc3 42. Qd2 axb5 43. axb5 Qxb5 44. Re1 Qe5 45. f3 e3 46. Qd3+ f5 47. g4 Qg3+
48. Kh1 Qxf3+ 49. Kh2 Ne4 50. Rg1 Rxc2+ 0-1

[Event "II - WIDCC Open Tournament"]
[Site "Malente GER"]
[Date "2004.07.30"]
[Round "5.9"]
[White "Dunn R. (ENG)"]
[Black "Chilton M. (NED)"]
[Result "1-0"]
[WhiteElo "1805"]
[BlackElo "1805"]
[PlyCount "83"]
[EventDate "2004.??.??"]
[EventType "swiss"]
[EventRounds "9"]
[EventCountry "GER"]

1. c4 c5 2. Nf3 Nc6 3. g3 Nf6 4. Bg2 d6 5. O-O Bd7 6. d4 Qc8 7. Nc3 Bh3 8. Qa4
Bxg2 9. Kxg2 Qd7 10. dxc5 Ne5 11. Qxd7+ Nfxd7 12. cxd6 exd6 13. Nd5 Rc8 14. b3
h6 15. Nd4 a6 16. Ba3 g6 17. Rad1 Nc6 18. Nf3 Nce5 19. Rfe1 f5 20. Nd4 Kf7 21.
f4 Nc6 22. Nf3 Nc5 23. Bxc5 dxc5 24. e4 fxe4 25. Rxe4 Bg7 26. Ne5+ Nxe5 27.
fxe5 Rhe8 28. e6+ Rxe6 29. Rf1+ Bf6 30. Rxe6 Kxe6 31. Rxf6+ Ke5 32. Rxg6 b5 33.
Rxa6 bxc4 34. bxc4 Kd4 35. Rxh6 Ra8 36. Rh4+ Kd3 37. Nb6 Rxa2+ 38. Kh3 Kc3 39.
Nd7 Kb4 40. Re4 Rd2 41. Ne5 Rd4 42. Nc6+ 1-0

[Event "II - WIDCC Open Tournament"]
[Site "Malente GER"]
[Date "2004.07.30"]
[Round "5.9"]
[White "Rossinskaja L. (RUS)"]
[Black "Petrauskas G. (LTU)"]
[Result "0-1"]
[WhiteElo "1864"]
[BlackElo "1805"]
[PlyCount "100"]
[EventDate "2004.??.??"]
[EventType "swiss"]
[EventRounds "9"]
[EventCountry "GER"]

1. e4 c6 2. d4 d5 3. e5 Bf5 4. g4 Bg6 5. h4 h6 6. h5 Bh7 7. Bd3 Bxd3 8. Qxd3 e6
9. f4 Qd7 10. Be3 Na6 11. c3 Ne7 12. Nd2 Nc7 13. Ne2 O-O-O 14. b4 Kb8 15. a4 a6
16. Kf2 Nc8 17. Nc1 Nb6 18. Ncb3 Qe8 19. Nc5 Nd7 20. Ndb3 Nb6 21. Na5 Bxc5 22.
bxc5 Nc4 23. Nxc4 dxc4 24. Qxc4 Nd5 25. Rab1 Ka8 26. Qb3 Qd7 27. Rhd1 Rhe8 28.
Kf3 Qc7 29. Bf2 Rd7 30. c4 Ne7 31. Qc3 Red8 32. Bh4 Re8 33. Rd2 Qd8 34. Rb6 Qc7
35. Rdb2 Rb8 36. Bxe7 Rxe7 37. Qe3 Qd8 38. Rd2 Rd7 39. g5 Qe7 40. Ke4 Rh8 41.
g6 f5+ 42. exf6 Qxf6 43. d5 Qf5+ 44. Kf3 Qxh5+ 45. Kf2 exd5 46. cxd5 Rf8 47.
Qg3 Rxd5 48. Rbb2 Rxd2+ 49. Rxd2 Qxc5+ 50. Qe3 Rxf4+ 0-1

[Event "II - WIDCC Open Tournament"]
[Site "Malente GER"]
[Date "2004.07.30"]
[Round "5.9"]
[White "Michalczuk K. (POL)"]
[Black "Ghadimi M.R. (IRN)"]
[Result "0-1"]
[WhiteElo "1805"]
[BlackElo "1805"]
[PlyCount "120"]
[EventDate "2004.??.??"]
[EventType "swiss"]
[EventRounds "9"]
[EventCountry "GER"]

1. d4 d5 2. c4 c6 3. cxd5 cxd5 4. Nf3 Nf6 5. Nc3 Nc6 6. e3 a6 7. a3 Bg4 8. Be2
e6 9. b4 Be7 10. O-O O-O 11. Bb2 b5 12. Rc1 Qb6 13. h3 Bh5 14. Ne1 Bg6 15. Bd3
Bxd3 16. Nxd3 a5 17. Qb3 axb4 18. axb4 Na7 19. Nc5 Nc8 20. Ra1 Nd6 21. Rxa8
Rxa8 22. Ra1 Rxa1+ 23. Bxa1 Qa7 24. Qa2 Qxa2 25. Nxa2 Kf8 26. f3 Nc4 27. Kf2
Bxc5 28. dxc5 Na3 29. Be5 Ke7 30. Ke2 Kd7 31. Kd3 Ne8 32. Nc1 f6 33. Bg3 e5 34.
Ne2 Nc7 35. Be1 Kc6 36. g4 Nc4 37. h4 Ne6 38. Bc3 g6 39. Nc1 Nxe3 40. Kxe3 d4+
41. Bxd4 Nxd4 42. Ke4 f5+ 43. gxf5 Nxf5 44. Kxe5 Nxh4 45. Kf4 Nf5 46. Nd3 Kd5
47. Ne5 Nd4 48. Nd3 Nc6 49. Ke3 h5 50. f4 h4 51. Kf3 Kd4 52. Ne5 Nxb4 53. Nxg6
Nd5 54. c6 b4 55. Nxh4 b3 56. Nf5+ Kd3 57. Ne3 b2 58. Nxd5 b1=Q 59. c7 Qb7 60.
Kg4 Kd4 0-1

[Event "II - WIDCC Open Tournament"]
[Site "Malente GER"]
[Date "2004.07.30"]
[Round "5.9"]
[White "Pietrucha R. (POL)"]
[Black "Rylov V. (RUS)"]
[Result "0-1"]
[WhiteElo "2103"]
[BlackElo "1805"]
[PlyCount "145"]
[EventDate "2004.??.??"]
[EventType "swiss"]
[EventRounds "9"]
[EventCountry "GER"]

1. c4 c5 2. Nc3 Nf6 3. Nf3 Nc6 4. e3 e6 5. Be2 Be7 6. O-O O-O 7. d4 cxd4 8.
exd4 d5 9. cxd5 Nxd5 10. Bc4 Bf6 11. Bxd5 exd5 12. h3 Be6 13. Be3 Rc8 14. Qd2
Qd7 15. Kh2 h5 16. Rac1 Rfd8 17. Rfe1 a6 18. Bf4 Re8 19. h4 Bg4 20. Bg5 Qf5 21.
Bxf6 Bxf3 22. Qg5 Qxf6 23. Qxf6 gxf6 24. gxf3 Rxe1 25. Rxe1 Nxd4 26. Kg2 Kg7
27. Re7 Rc4 28. Rxb7 Nf5 29. Nxd5 Nxh4+ 30. Kg3 Nf5+ 31. Kh3 Rd4 32. Ne3 Rf4
33. Nxf5+ Rxf5 34. Rb3 Kg6 35. Ra3 a5 36. Re3 Kg5 37. Kg2 a4 38. Re4 Ra5 39.
Kg3 f5 40. f4+ Kf6 41. Rb4 Kg6 42. b3 axb3 43. axb3 Rd5 44. Rb6+ f6 45. Re6 Rd4
46. Re2 Rb4 47. Rb2 h4+ 48. Kxh4 Rxf4+ 49. Kg3 Rb4 50. f4 Kf7 51. Kf3 Ke6 52.
Ke3 Kd5 53. Rb1 Re4+ 54. Kf3 Kc5 55. Rc1+ Kd5 56. Rd1+ Kc5 57. Rc1+ Kd5 58. Ra1
Rb4 59. Ra5+ Ke6 60. Ra3 Kf7 61. Ke3 Kg6 62. Kf3 Kh5 63. Kg3 Rd4 64. b4 Rxb4
65. Kf3 Kh4 66. Rc3 Rb6 67. Rd3 Rb1 68. Rd6 Rb3+ 69. Kg2 Kg4 70. Rxf6 Kxf4 71.
Rf8 Kg4 72. Rg8+ Kf4 73. Re8 0-1

[Event "II - WIDCC Open Tournament"]
[Site "Malente GER"]
[Date "2004.07.30"]
[Round "5.9"]
[White "Filatov B. (RUS)"]
[Black "Durdyev Y. (TKM)"]
[Result "1-0"]
[WhiteElo "1805"]
[BlackElo "1805"]
[PlyCount "36"]
[EventDate "2004.??.??"]
[EventType "swiss"]
[EventRounds "9"]
[EventCountry "GER"]

1. d4 d5 2. c4 Nf6 3. Nc3 e6 4. Bg5 h6 5. Bxf6 Qxf6 6. cxd5 exd5 7. Nxd5 Qd6 8.
Nc3 Nc6 9. e3 a6 10. a3 Bf5 11. Nf3 O-O-O 12. Be2 Re8 13. O-O g5 14. b4 b5 15.
Rc1 Bg7 16. a4 Nxb4 17. axb5 Re7 18. bxa6 Nxa6 1-0

[Event "II - WIDCC Open Tournament"]
[Site "Malente GER"]
[Date "2004.07.30"]
[Round "5.9"]
[White "Svec D. (CRO)"]
[Black "Pasquotto M. (ITA)"]
[Result "1/2-1/2"]
[WhiteElo "1805"]
[BlackElo "1805"]
[PlyCount "43"]
[EventDate "2004.??.??"]
[EventType "swiss"]
[EventRounds "9"]
[EventCountry "GER"]

1. e4 c5 2. Nf3 d6 3. d4 cxd4 4. Nxd4 Nf6 5. Nc3 a6 6. g3 e5 7. Nde2 Be7 8. Bg2
b5 9. O-O Bb7 10. Nd5 Nxd5 11. exd5 Nd7 12. b3 O-O 13. Bb2 Qc7 14. Qd2 f5 15.
Rac1 Nb6 16. Rfd1 Qd8 17. Bc3 Bg5 18. f4 Bh6 19. Ba5 Qc7 20. Kh1 Qc5 21. Bb4
Qc7 22. Ba5 1/2-1/2

[Event "II - WIDCC Open Tournament"]
[Site "Malente GER"]
[Date "2004.07.30"]
[Round "5.9"]
[White "Lukàcsovics L. (HUN)"]
[Black "Johannesen H. (NED)"]
[Result "1-0"]
[WhiteElo "2037"]
[BlackElo "1805"]
[PlyCount "69"]
[EventDate "2004.??.??"]
[EventType "swiss"]
[EventRounds "9"]
[EventCountry "GER"]

1. d4 Nf6 2. Nf3 e6 3. c4 Be7 4. Nc3 a6 5. e4 d6 6. Bd3 O-O 7. O-O g6 8. Re1
Nfd7 9. e5 b6 10. Bh6 Re8 11. Qd2 Bf8 12. Bxf8 Nxf8 13. Ne4 Nbd7 14. exd6 cxd6
15. Nxd6 Re7 16. Qg5 f6 17. Qg3 Rg7 18. Rac1 Ra7 19. c5 bxc5 20. dxc5 e5 21.
Bc4+ Kh8 22. Nf7+ Rxf7 23. Bxf7 Qe7 24. Bd5 Rc7 25. b4 Nb8 26. Rcd1 Bd7 27. Nd4
Qd8 28. Ne6 Bxe6 29. Bxe6 Qe7 30. Bc4 Ne6 31. Bxe6 Qxe6 32. Rd8+ Kg7 33. Rxb8
Qd5 34. Qb3 Qd2 35. Rd1 1-0

[Event "II - WIDCC Open Tournament"]
[Site "Malente GER"]
[Date "2004.07.30"]
[Round "5.9"]
[White "Westerveld G. (NED)"]
[Black "Dearie J. (SCO)"]
[Result "1/2-1/2"]
[WhiteElo "1805"]
[BlackElo "1805"]
[PlyCount "95"]
[EventDate "2004.??.??"]
[EventType "swiss"]
[EventRounds "9"]
[EventCountry "GER"]

1. e4 e6 2. Nf3 Nf6 3. d3 Bc5 4. h3 Nc6 5. c3 e5 6. Be2 Bb6 7. O-O a6 8. Nbd2
d5 9. exd5 Nxd5 10. Nc4 Bc5 11. Ncxe5 Nxe5 12. Nxe5 Bd6 13. d4 O-O 14. Bg4 Nf6
15. Bxc8 Rxc8 16. Bf4 c5 17. Bh2 Nd7 18. Nxd7 Bxh2+ 19. Kxh2 Qxd7 20. dxc5 Qxd1
21. Raxd1 Rxc5 22. Rd4 Rc6 23. Re1 Rb6 24. Re2 Re6 25. Rxe6 fxe6 26. Rd7 Rxf2
27. Rxb7 a5 28. a4 Rc2 29. Rb5 Kf7 30. Kg3 Kf6 31. c4 g5 32. c5 Rc4 33. Rxa5
Rb4 34. c6 Rxb2 35. Rb5 Rc2 36. Rb6 Rc5 37. a5 Rxa5 38. c7 Rc5 39. Rb7 Rc6 40.
Kg4 Kg6 41. Kf3 Kf5 42. g4+ Kf6 43. Ke4 Rc5 44. Kd4 Rc1 45. Ke4 Rc4+ 46. Kd3
Rc6 47. Kd4 Rc1 48. Ke4 1/2-1/2

[Event "II - WIDCC Open Tournament"]
[Site "Malente GER"]
[Date "2004.07.30"]
[Round "5.9"]
[White "Kreuzer C. (ENG)"]
[Black "Hartmann A. (GER)"]
[Result "1/2-1/2"]
[WhiteElo "1805"]
[BlackElo "1805"]
[PlyCount "145"]
[EventDate "2004.??.??"]
[EventType "swiss"]
[EventRounds "9"]
[EventCountry "GER"]

1. e4 c6 2. d4 d5 3. exd5 cxd5 4. c4 Nf6 5. Nc3 g6 6. Nf3 Bg7 7. Bd3 O-O 8. O-O
Nc6 9. h3 h6 10. Be3 Be6 11. c5 b6 12. cxb6 Qxb6 13. Na4 Qd8 14. Nc5 Bd7 15.
Qd2 Kh7 16. b4 e6 17. a4 Ne8 18. b5 Nb8 19. Ne5 Nd6 20. Qe2 Bc8 21. Rac1 Nd7
22. Ncxd7 Bxd7 23. Rc3 Rc8 24. Rfc1 Qe7 25. Qf3 Rxc3 26. Rxc3 Rc8 27. Rxc8 Bxc8
28. Nc6 Qd7 29. Bf4 Nf5 30. Bxf5 gxf5 31. Qa3 a6 32. Qe7 Qxe7 33. Nxe7 Bb7 34.
Nc6 axb5 35. axb5 Bf6 36. Na5 Ba8 37. b6 Bxd4 38. b7 Bxb7 39. Nxb7 h5 40. Be3
Bc3 41. Nd6 Kg6 42. Nb5 Be5 43. f4 Bf6 44. Bd4 Be7 45. Na7 Bd6 46. g3 Bb4 47.
Nc6 Be1 48. Kg2 Kh7 49. Ne5 Kg8 50. Nf3 Bb4 51. Bf6 Bc5 52. Kf1 Bb6 53. Ke2 Bc5
54. Bd4 Bd6 55. Kd3 Be7 56. h4 f6 57. Kc3 Kf7 58. Kb3 Ke8 59. Ka4 Kd7 60. Kb5
Kc7 61. Bc5 Bd6 62. Nd4 Kd7 63. Bxd6 Kxd6 64. Kb4 e5 65. fxe5+ Kxe5 66. Ne2 Ke4
67. Kc5 Kf3 68. Nf4 Kxg3 69. Nxh5+ Kxh4 70. Nxf6 f4 71. Kxd5 f3 72. Ne4 Kh3 73.
Kd4 1/2-1/2

[Event "II - WIDCC Open Tournament"]
[Site "Malente GER"]
[Date "2004.07.30"]
[Round "5.9"]
[White "Oborina E. (RUS)"]
[Black "Hreinsson A. (ICE)"]
[Result "1-0"]
[WhiteElo "1805"]
[BlackElo "1805"]
[PlyCount "116"]
[EventDate "2004.??.??"]
[EventType "swiss"]
[EventRounds "9"]
[EventCountry "GER"]

1. e4 c5 2. Nf3 d6 3. d4 cxd4 4. Nxd4 a6 5. c4 Nf6 6. Nc3 Nc6 7. Be2 Bd7 8. O-O
g6 9. Be3 Bg7 10. Qd2 Rc8 11. Rac1 Ne5 12. b3 Neg4 13. Bxg4 Nxg4 14. f3 Nxe3
15. Qxe3 h5 16. Nde2 h4 17. Nd5 e6 18. Nb6 Rc5 19. Nxd7 Qxd7 20. Rcd1 h3 21.
Qxc5 dxc5 22. Rxd7 Kxd7 23. Rd1+ Ke7 24. g3 Rd8 25. Rxd8 Kxd8 26. Nf4 b5 27.
Nxh3 Bd4+ 28. Kf1 Ke7 29. Nf4 Kd6 30. Nd3 g5 31. h4 gxh4 32. gxh4 Bg7 33. f4 e5
34. f5 f6 35. Kg2 Bf8 36. Kf3 Kd7 37. Ne1 Ke8 38. Nc2 Kf7 39. Ne3 Kg7 40. Kg4
Be7 41. Nd5 Bd8 42. Nc3 b4 43. Na4 Be7 44. Nb6 Kh6 45. Nd7 Bd8 46. Nb8 a5 47.
Nc6 Bc7 48. Ne7 Bd6 49. Nd5 Kg7 50. Kh5 Bf8 51. Nc7 Be7 52. Ne6+ Kh7 53. Ng5+
fxg5 54. hxg5 Kg7 55. f6+ Bxf6 56. gxf6+ Kxf6 57. Kh6 Kf7 58. Kg5 Ke6 1-0

[Event "II - WIDCC Open Tournament"]
[Site "Malente GER"]
[Date "2004.07.30"]
[Round "5.9"]
[White "Picone C. (ITA)"]
[Black "Burnett R. (SCO)"]
[Result "0-1"]
[WhiteElo "1805"]
[BlackElo "1805"]
[PlyCount "94"]
[EventDate "2004.??.??"]
[EventType "swiss"]
[EventRounds "9"]
[EventCountry "GER"]

1. Nf3 g6 2. d4 d5 3. e3 Bg7 4. Nbd2 Nf6 5. b3 Nc6 6. Bb2 O-O 7. Be2 Re8 8. c4
e6 9. Rc1 Bd7 10. a3 Ne7 11. Qc2 c6 12. Ne5 Bc8 13. h4 h5 14. Ndf3 Nd7 15. Ng5
Nxe5 16. dxe5 Nf5 17. g3 f6 18. exf6 Bxf6 19. Bxf6 Qxf6 20. Qc3 Rf8 21. Qxf6
Rxf6 22. c5 Bd7 23. Nf3 Raf8 24. Nd4 Nxd4 25. exd4 Rxf2 26. Rc3 Kg7 27. Rf1
Rxf1+ 28. Bxf1 b6 29. b4 bxc5 30. bxc5 Rb8 31. Re3 Rb1+ 32. Kf2 Rb2+ 33. Re2
Rxe2+ 34. Kxe2 Kf6 35. Bh3 Be8 36. Ke3 e5 37. Bc8 e4 38. Kf4 Ke7 39. g4 Bd7 40.
Bxd7 Kxd7 41. a4 a5 42. Kg3 Ke6 43. gxh5 gxh5 44. Kf2 Kf5 45. Kg3 e3 46. Kf3 e2
47. Kxe2 Ke4 0-1

[Event "II - WIDCC Open Tournament"]
[Site "Malente GER"]
[Date "2004.07.30"]
[Round "5.9"]
[White "Kaminski L. (POL)"]
[Black "Golemovic T. (CRO)"]
[Result "0-1"]
[WhiteElo "1907"]
[BlackElo "1805"]
[PlyCount "126"]
[EventDate "2004.??.??"]
[EventType "swiss"]
[EventRounds "9"]
[EventCountry "GER"]

1. c4 c6 2. Nc3 d5 3. cxd5 cxd5 4. e3 Nf6 5. Nf3 Bg4 6. Be2 Nc6 7. d4 e6 8. O-O
Be7 9. h3 Bh5 10. a3 O-O 11. b4 Rc8 12. Bb2 a6 13. Rc1 b5 14. Nd2 Bxe2 15. Qxe2
Nd7 16. Nb3 Nb6 17. Nd2 Nc4 18. Nxc4 bxc4 19. Rfd1 Na7 20. e4 Nb5 21. Nxb5 axb5
22. e5 Rc6 23. Bc3 Bg5 24. Ra1 Ra6 25. g3 g6 26. Qc2 Qd7 27. Ra2 Rfa8 28. Rda1
Ra4 29. Kg2 Rf8 30. Bd2 Bxd2 31. Qxd2 f6 32. f4 fxe5 33. fxe5 Qf7 34. Qf2 Qe7
35. Qc2 Qg5 36. Qc3 Qf5 37. Qe3 Ra7 38. Rf2 Qxf2+ 39. Qxf2 Rxf2+ 40. Kxf2 g5
41. Ke2 Kg7 42. g4 Kg6 43. Kd2 h5 44. Kc3 Rf7 45. a4 Rf3+ 46. Kc2 bxa4 47. Rxa4
Rxh3 48. Ra6 hxg4 49. Rxe6+ Kf5 50. Rf6+ Ke4 51. e6 Kxd4 52. Rg6 Re3 53. Rxg5
Rxe6 54. Rxg4+ Re4 55. Rg6 Re2+ 56. Kc1 Re5 57. Rg3 c3 58. b5 Re1+ 59. Kc2 Re2+
60. Kc1 Rb2 61. Rg4+ Kd3 62. Rg3+ Kc4 63. Rg4+ Kxb5 {und 0-1 in 72 Zuege} 0-1

[Event "II - WIDCC Open Tournament"]
[Site "Malente GER"]
[Date "2004.07.30"]
[Round "5.9"]
[White "Capitanio G. (ITA)"]
[Black "Karmars A. (LAT)"]
[Result "0-1"]
[WhiteElo "1805"]
[BlackElo "1805"]
[PlyCount "58"]
[EventDate "2004.??.??"]
[EventType "swiss"]
[EventRounds "9"]
[EventCountry "GER"]

1. f4 c5 2. d4 cxd4 3. Qxd4 Nc6 4. Qd1 Nf6 5. Nf3 e6 6. e3 Bc5 7. c3 O-O 8. Bd3
Ng4 9. Qe2 Qb6 10. Nd4 Nf6 11. g4 Nxd4 12. exd4 Qc6 13. Rg1 Bxd4 14. cxd4 Qxc1+
15. Kf2 Qxf4+ 16. Kg2 Nxg4 17. Kh1 Nf2+ 18. Kg2 Nxd3 19. Qxd3 b6 20. Nd2 Bb7+
21. Nf3 f5 22. Raf1 Rf6 23. Rh1 Rg6+ 24. Kf2 Bxf3 25. Qxf3 Qxd4+ 26. Ke1 Rc8
27. Qb3 Rc1+ 28. Ke2 Rg2+ 29. Rf2 Rxf2# 0-1

[Event "II - WIDCC Open Tournament"]
[Site "Malente GER"]
[Date "2004.07.30"]
[Round "5.9"]
[White "Nendza J. (GER)"]
[Black "Chilton E. (NED)"]
[Result "1/2-1/2"]
[WhiteElo "1805"]
[BlackElo "1805"]
[PlyCount "56"]
[EventDate "2004.??.??"]
[EventType "swiss"]
[EventRounds "9"]
[EventCountry "GER"]

1. d4 Nf6 2. Nf3 d5 3. h3 Nc6 4. b3 e5 5. Nxe5 Nxe5 6. dxe5 Ne4 7. Ba3 c5 8.
Qd3 Be6 9. Qb5+ Qd7 10. Qxd7+ Bxd7 11. e3 b6 12. Bd3 Bf5 13. g4 Bg6 14. Bb5+
Kd8 15. Bc6 Rb8 16. Bxd5 Be7 17. O-O f6 18. Bb2 h5 19. Rd1 Kc7 20. f3 Ng3 21.
Na3 a6 22. Kg2 h4 23. Nc4 Bxc2 24. Rd2 Bg6 25. f4 Be8 26. Kf3 Bc6 27. e4 Rbd8
28. Rad1 Rhf8 1/2-1/2

[Event "II - WIDCC Open Tournament"]
[Site "Malente GER"]
[Date "2004.07.31"]
[Round "6.9"]
[White "Ghadimi M.R. (IRN)"]
[Black "Dunn R. (ENG)"]
[Result "1-0"]
[WhiteElo "1805"]
[BlackElo "1805"]
[PlyCount "59"]
[EventDate "2004.??.??"]
[EventType "swiss"]
[EventRounds "9"]
[EventCountry "GER"]

1. e4 c5 2. Nf3 e6 3. d3 d6 4. g3 Qc7 5. Nbd2 Nf6 6. Bg2 Nc6 7. O-O Be7 8. Re1
O-O 9. h4 a6 10. Nf1 Rb8 11. Ne3 b5 12. Nh2 Bb7 13. g4 Nd7 14. g5 Rfd8 15. Qg4
Nde5 16. Qg3 Nd7 17. h5 Nb6 18. g6 fxg6 19. hxg6 h6 20. Bh3 Bc8 21. c3 Rf8 22.
Neg4 Bd7 23. Kh1 Rbe8 24. Rg1 Nc8 25. Bxh6 gxh6 26. g7 Rf6 27. Nxf6+ Bxf6 28.
Qg6 Bg5 29. Rxg5 hxg5 30. Ng4 1-0

[Event "II - WIDCC Open Tournament"]
[Site "Malente GER"]
[Date "2004.07.31"]
[Round "6.9"]
[White "Rylov V. (RUS)"]
[Black "Petrauskas G. (LTU)"]
[Result "0-1"]
[WhiteElo "1805"]
[BlackElo "1805"]
[PlyCount "66"]
[EventDate "2004.??.??"]
[EventType "swiss"]
[EventRounds "9"]
[EventCountry "GER"]

1. Nc3 Nf6 2. e4 d6 3. f4 g6 4. Nf3 Bg7 5. Bc4 c6 6. O-O O-O 7. d4 d5 8. exd5
Nxd5 9. Bxd5 cxd5 10. h3 e6 11. Ne2 Nd7 12. c3 Nf6 13. Ng3 Bd7 14. b3 Qc7 15.
Ne5 Qxc3 16. Ba3 Rfc8 17. Rf3 Qa5 18. Be7 Bc6 19. Bxf6 Bxf6 20. Nf1 Rc7 21. Ne3
Rac8 22. N3g4 Bg7 23. Ne3 Be8 24. Qf1 Qa3 25. Qf2 Qb4 26. Rd1 Rc1 27. Kh2 R1c7
28. Qh4 Qe7 29. Qe1 Qd6 30. Qa5 f6 31. N5g4 g5 32. Qd2 h5 33. Ne5 fxe5 0-1